|
|
|
|
| LEADER |
00645 a2200193 4500 |
| 005 |
20151026133201.0 |
| 008 |
130514b xxu||||| |||| 00| 0 eng d |
| 020 |
|
|
|a 9780521516952
|
| 080 |
|
|
|a 515.143
|b SIM
|
| 100 |
|
|
|a Simpson, Carlos
|
| 245 |
|
|
|a Homotopy theory of higher categories
|
| 260 |
|
|
|b Cambridge university press
|c 2012
|a Cambridge
|
| 300 |
|
|
|a xviii, 634p.
|
| 490 |
|
|
|a New mathematical monographs
|
| 653 |
|
|
|a Homotopy theory
|
| 653 |
|
|
|a Categories - mathematics
|
| 942 |
|
|
|c BK
|6 _
|
| 999 |
|
|
|c 64793
|d 64793
|
| 952 |
|
|
|0 0
|1 0
|2 udc
|4 0
|6 515143_SIM
|7 0
|9 77156
|a UL
|b UL
|d 2012-12-20
|g 0.00
|o 515.143 SIM
|p 00068144
|r 2012-12-20
|v 0.00
|w 2012-12-20
|y BK
|